Statystyki dla Totalna Porażka: Plejada Gwiazd Eliminacja

Kliknij tutaj aby rozwiązać quiz!

Ogólne statystyki

  • Ten quiz został rozwiązany 49 razy
  • Średni wynik to 11 z 14

Statystyki odpowiedzi

HintOdpowiedź% Poprawnych
14Lindsay
96%
12Jo
85%
13Lightning
85%
1Zoey
81%
4Gwen
78%
10Heather
78%
2Mike
78%
3Scott
78%
6Alejandro
74%
5Courtney
74%
11Sam
74%
8Duncan
70%
7Cameron
63%
9Sierra
59%

Rozkład punktacji

Percentyl według liczby udzielonych odpowiedzi

Procent ludzi z każdym wynikiem

Twoja historia wyników

Nie rozwiązałeś tego quizu